| 000 | 00887cam a2200253 a 4500 | ||
|---|---|---|---|
| 020 | _a0 442 306547 | ||
| 020 | _a0177716053 (pbk.) | ||
| 020 | _a0442307292 (Van Nostrand Reinhold) | ||
| 082 |
_a510.2462 _bJEF _cL-1, p-51 |
||
| 100 | 1 |
_aJeffrey, Alan. _938997 |
|
| 245 | 1 | 0 |
_aMathematics for engineers and scientists / _cAlan Jeffrey. |
| 250 | _a2nd ed. | ||
| 260 |
_aSunbury-on-Thames, Middlesex : _bNelson ; _aWokingham, Berkshire, England : _bDistributed by Van Nostrand Reinhold, _c1979. |
||
| 300 |
_ax, 814 p. : _billus. ; _c23 cm. |
||
| 500 | _aDistributor from label mounted on t.p. verso. | ||
| 500 | _aIncludes index. | ||
| 526 |
_a0 _b0 _c0 _d510_246200000000000_JEF |
||
| 650 | 0 |
_aEngineering mathematics. _92310 |
|
| 650 | 0 |
_aMathematical analysis. _9198 |
|
| 650 | 0 | _aMathematics. | |
| 650 | 0 |
_aMCE _9379 |
|
| 650 | 0 |
_aScience _xMethodology. _914114 |
|
| 942 |
_2ddc _cBK |
||
| 999 |
_c543587 _d543587 |
||